<?xml version="1.0" encoding="UTF-8"?>
<record
    xmlns:xsi="http://www.w3.org/2001/XMLSchema-instance"
    xsi:schemaLocation="http://www.loc.gov/MARC21/slim http://www.loc.gov/standards/marcxml/schema/MARC21slim.xsd"
    xmlns="http://www.loc.gov/MARC21/slim">

  <leader>00371nam a22001337a 4500</leader>
  <controlfield tag="005">20170816144423.0</controlfield>
  <controlfield tag="008">170816b        xxu||||| |||| 00| 0 eng d</controlfield>
  <datafield tag="020" ind1=" " ind2=" ">
    <subfield code="a">978-93-85000-88-1</subfield>
  </datafield>
  <datafield tag="041" ind1=" " ind2=" ">
    <subfield code="a">eng</subfield>
  </datafield>
  <datafield tag="245" ind1=" " ind2=" ">
    <subfield code="a">Entrepreneurship: A Practical Approach To Learning</subfield>
    <subfield code="h">[electronic resource]</subfield>
  </datafield>
  <datafield tag="260" ind1=" " ind2=" ">
    <subfield code="b">CEGR</subfield>
  </datafield>
  <datafield tag="300" ind1=" " ind2=" ">
    <subfield code="a">1 CD-ROM</subfield>
    <subfield code="e">Received along with book.</subfield>
  </datafield>
  <datafield tag="942" ind1=" " ind2=" ">
    <subfield code="c">CD</subfield>
  </datafield>
  <datafield tag="999" ind1=" " ind2=" ">
    <subfield code="c">5526</subfield>
    <subfield code="d">5524</subfield>
  </datafield>
  <datafield tag="952" ind1=" " ind2=" ">
    <subfield code="0">0</subfield>
    <subfield code="1">0</subfield>
    <subfield code="4">0</subfield>
    <subfield code="7">0</subfield>
    <subfield code="a">JRU</subfield>
    <subfield code="b">MAIN</subfield>
    <subfield code="d">2017-08-16</subfield>
    <subfield code="l">0</subfield>
    <subfield code="p">EAPATL0001</subfield>
    <subfield code="r">2017-08-16 00:00:00</subfield>
    <subfield code="w">2017-08-16</subfield>
    <subfield code="y">CD</subfield>
  </datafield>
  <datafield tag="952" ind1=" " ind2=" ">
    <subfield code="0">0</subfield>
    <subfield code="1">0</subfield>
    <subfield code="4">0</subfield>
    <subfield code="7">0</subfield>
    <subfield code="a">JRU</subfield>
    <subfield code="b">MAIN</subfield>
    <subfield code="d">2017-08-16</subfield>
    <subfield code="l">0</subfield>
    <subfield code="p">EAPATL0002</subfield>
    <subfield code="r">2017-08-16 00:00:00</subfield>
    <subfield code="w">2017-08-16</subfield>
    <subfield code="y">CD</subfield>
  </datafield>
  <datafield tag="952" ind1=" " ind2=" ">
    <subfield code="0">0</subfield>
    <subfield code="1">0</subfield>
    <subfield code="4">0</subfield>
    <subfield code="7">0</subfield>
    <subfield code="a">JRU</subfield>
    <subfield code="b">MAIN</subfield>
    <subfield code="d">2017-08-16</subfield>
    <subfield code="l">0</subfield>
    <subfield code="p">EAPATL0003</subfield>
    <subfield code="r">2017-08-16 00:00:00</subfield>
    <subfield code="w">2017-08-16</subfield>
    <subfield code="y">CD</subfield>
  </datafield>
  <datafield tag="952" ind1=" " ind2=" ">
    <subfield code="0">0</subfield>
    <subfield code="1">0</subfield>
    <subfield code="4">0</subfield>
    <subfield code="7">0</subfield>
    <subfield code="a">JRU</subfield>
    <subfield code="b">MAIN</subfield>
    <subfield code="d">2017-08-16</subfield>
    <subfield code="l">0</subfield>
    <subfield code="p">EAPATL0004</subfield>
    <subfield code="r">2017-08-16 00:00:00</subfield>
    <subfield code="w">2017-08-16</subfield>
    <subfield code="y">CD</subfield>
  </datafield>
  <datafield tag="952" ind1=" " ind2=" ">
    <subfield code="0">0</subfield>
    <subfield code="1">0</subfield>
    <subfield code="4">0</subfield>
    <subfield code="7">0</subfield>
    <subfield code="a">JRU</subfield>
    <subfield code="b">MAIN</subfield>
    <subfield code="d">2017-08-16</subfield>
    <subfield code="l">0</subfield>
    <subfield code="p">EAPATL0005</subfield>
    <subfield code="r">2017-08-16 00:00:00</subfield>
    <subfield code="w">2017-08-16</subfield>
    <subfield code="y">CD</subfield>
  </datafield>
  <datafield tag="952" ind1=" " ind2=" ">
    <subfield code="0">0</subfield>
    <subfield code="1">0</subfield>
    <subfield code="4">0</subfield>
    <subfield code="7">0</subfield>
    <subfield code="a">JRU</subfield>
    <subfield code="b">MAIN</subfield>
    <subfield code="d">2017-08-16</subfield>
    <subfield code="l">0</subfield>
    <subfield code="p">EAPATL0006</subfield>
    <subfield code="r">2017-08-16 00:00:00</subfield>
    <subfield code="w">2017-08-16</subfield>
    <subfield code="y">CD</subfield>
  </datafield>
  <datafield tag="952" ind1=" " ind2=" ">
    <subfield code="0">0</subfield>
    <subfield code="1">0</subfield>
    <subfield code="4">0</subfield>
    <subfield code="7">0</subfield>
    <subfield code="a">JRU</subfield>
    <subfield code="b">MAIN</subfield>
    <subfield code="d">2017-08-16</subfield>
    <subfield code="l">0</subfield>
    <subfield code="p">EAPATL0007</subfield>
    <subfield code="r">2017-08-16 00:00:00</subfield>
    <subfield code="w">2017-08-16</subfield>
    <subfield code="y">CD</subfield>
  </datafield>
  <datafield tag="952" ind1=" " ind2=" ">
    <subfield code="0">0</subfield>
    <subfield code="1">0</subfield>
    <subfield code="4">0</subfield>
    <subfield code="7">0</subfield>
    <subfield code="a">JRU</subfield>
    <subfield code="b">MAIN</subfield>
    <subfield code="d">2017-08-16</subfield>
    <subfield code="l">0</subfield>
    <subfield code="p">EAPATL0008</subfield>
    <subfield code="r">2017-08-16 00:00:00</subfield>
    <subfield code="w">2017-08-16</subfield>
    <subfield code="y">CD</subfield>
  </datafield>
  <datafield tag="952" ind1=" " ind2=" ">
    <subfield code="0">0</subfield>
    <subfield code="1">0</subfield>
    <subfield code="4">0</subfield>
    <subfield code="7">0</subfield>
    <subfield code="a">JRU</subfield>
    <subfield code="b">MAIN</subfield>
    <subfield code="d">2017-08-16</subfield>
    <subfield code="l">0</subfield>
    <subfield code="p">EAPATL0009</subfield>
    <subfield code="r">2017-08-16 00:00:00</subfield>
    <subfield code="w">2017-08-16</subfield>
    <subfield code="y">CD</subfield>
  </datafield>
  <datafield tag="952" ind1=" " ind2=" ">
    <subfield code="0">0</subfield>
    <subfield code="1">0</subfield>
    <subfield code="4">0</subfield>
    <subfield code="7">0</subfield>
    <subfield code="a">JRU</subfield>
    <subfield code="b">MAIN</subfield>
    <subfield code="d">2017-08-16</subfield>
    <subfield code="l">0</subfield>
    <subfield code="p">EAPATL0010</subfield>
    <subfield code="r">2017-08-16 00:00:00</subfield>
    <subfield code="w">2017-08-16</subfield>
    <subfield code="y">CD</subfield>
  </datafield>
  <datafield tag="952" ind1=" " ind2=" ">
    <subfield code="0">0</subfield>
    <subfield code="1">0</subfield>
    <subfield code="4">0</subfield>
    <subfield code="7">0</subfield>
    <subfield code="a">JRU</subfield>
    <subfield code="b">MAIN</subfield>
    <subfield code="d">2017-08-16</subfield>
    <subfield code="l">0</subfield>
    <subfield code="p">EAPATL0011</subfield>
    <subfield code="r">2017-08-16 00:00:00</subfield>
    <subfield code="w">2017-08-16</subfield>
    <subfield code="y">CD</subfield>
  </datafield>
  <datafield tag="952" ind1=" " ind2=" ">
    <subfield code="0">0</subfield>
    <subfield code="1">0</subfield>
    <subfield code="4">0</subfield>
    <subfield code="7">0</subfield>
    <subfield code="a">JRU</subfield>
    <subfield code="b">MAIN</subfield>
    <subfield code="d">2017-08-16</subfield>
    <subfield code="l">0</subfield>
    <subfield code="p">EAPATL0012</subfield>
    <subfield code="r">2017-08-16 00:00:00</subfield>
    <subfield code="w">2017-08-16</subfield>
    <subfield code="y">CD</subfield>
  </datafield>
  <datafield tag="952" ind1=" " ind2=" ">
    <subfield code="0">0</subfield>
    <subfield code="1">0</subfield>
    <subfield code="4">0</subfield>
    <subfield code="7">0</subfield>
    <subfield code="a">JRU</subfield>
    <subfield code="b">MAIN</subfield>
    <subfield code="d">2017-08-16</subfield>
    <subfield code="l">0</subfield>
    <subfield code="p">EAPATL0013</subfield>
    <subfield code="r">2017-08-16 00:00:00</subfield>
    <subfield code="w">2017-08-16</subfield>
    <subfield code="y">CD</subfield>
  </datafield>
  <datafield tag="952" ind1=" " ind2=" ">
    <subfield code="0">0</subfield>
    <subfield code="1">0</subfield>
    <subfield code="4">0</subfield>
    <subfield code="7">0</subfield>
    <subfield code="a">JRU</subfield>
    <subfield code="b">MAIN</subfield>
    <subfield code="d">2017-08-16</subfield>
    <subfield code="l">0</subfield>
    <subfield code="p">EAPATL0014</subfield>
    <subfield code="r">2017-08-16 00:00:00</subfield>
    <subfield code="w">2017-08-16</subfield>
    <subfield code="y">CD</subfield>
  </datafield>
  <datafield tag="952" ind1=" " ind2=" ">
    <subfield code="0">0</subfield>
    <subfield code="1">0</subfield>
    <subfield code="4">0</subfield>
    <subfield code="7">0</subfield>
    <subfield code="a">JRU</subfield>
    <subfield code="b">MAIN</subfield>
    <subfield code="d">2017-08-16</subfield>
    <subfield code="l">0</subfield>
    <subfield code="p">EAPATL0015</subfield>
    <subfield code="r">2017-08-16 00:00:00</subfield>
    <subfield code="w">2017-08-16</subfield>
    <subfield code="y">CD</subfield>
  </datafield>
  <datafield tag="952" ind1=" " ind2=" ">
    <subfield code="0">0</subfield>
    <subfield code="1">0</subfield>
    <subfield code="4">0</subfield>
    <subfield code="7">0</subfield>
    <subfield code="a">JRU</subfield>
    <subfield code="b">MAIN</subfield>
    <subfield code="d">2017-08-16</subfield>
    <subfield code="l">0</subfield>
    <subfield code="p">EAPATL0016</subfield>
    <subfield code="r">2017-08-16 00:00:00</subfield>
    <subfield code="w">2017-08-16</subfield>
    <subfield code="y">CD</subfield>
  </datafield>
  <datafield tag="952" ind1=" " ind2=" ">
    <subfield code="0">0</subfield>
    <subfield code="1">0</subfield>
    <subfield code="4">0</subfield>
    <subfield code="7">0</subfield>
    <subfield code="a">JRU</subfield>
    <subfield code="b">MAIN</subfield>
    <subfield code="d">2017-08-16</subfield>
    <subfield code="l">0</subfield>
    <subfield code="p">EAPATL0017</subfield>
    <subfield code="r">2017-08-16 00:00:00</subfield>
    <subfield code="w">2017-08-16</subfield>
    <subfield code="y">CD</subfield>
  </datafield>
  <datafield tag="952" ind1=" " ind2=" ">
    <subfield code="0">0</subfield>
    <subfield code="1">0</subfield>
    <subfield code="4">0</subfield>
    <subfield code="7">0</subfield>
    <subfield code="a">JRU</subfield>
    <subfield code="b">MAIN</subfield>
    <subfield code="d">2017-08-16</subfield>
    <subfield code="l">0</subfield>
    <subfield code="p">EAPATL0018</subfield>
    <subfield code="r">2017-08-16 00:00:00</subfield>
    <subfield code="w">2017-08-16</subfield>
    <subfield code="y">CD</subfield>
  </datafield>
  <datafield tag="952" ind1=" " ind2=" ">
    <subfield code="0">0</subfield>
    <subfield code="1">0</subfield>
    <subfield code="4">0</subfield>
    <subfield code="7">0</subfield>
    <subfield code="a">JRU</subfield>
    <subfield code="b">MAIN</subfield>
    <subfield code="d">2017-08-16</subfield>
    <subfield code="l">0</subfield>
    <subfield code="p">EAPATL0019</subfield>
    <subfield code="r">2017-08-16 00:00:00</subfield>
    <subfield code="w">2017-08-16</subfield>
    <subfield code="y">CD</subfield>
  </datafield>
  <datafield tag="952" ind1=" " ind2=" ">
    <subfield code="0">0</subfield>
    <subfield code="1">0</subfield>
    <subfield code="4">0</subfield>
    <subfield code="7">0</subfield>
    <subfield code="a">JRU</subfield>
    <subfield code="b">MAIN</subfield>
    <subfield code="d">2017-08-16</subfield>
    <subfield code="l">0</subfield>
    <subfield code="p">EAPATL0020</subfield>
    <subfield code="r">2017-08-16 00:00:00</subfield>
    <subfield code="w">2017-08-16</subfield>
    <subfield code="y">CD</subfield>
  </datafield>
  <datafield tag="952" ind1=" " ind2=" ">
    <subfield code="0">0</subfield>
    <subfield code="1">0</subfield>
    <subfield code="4">0</subfield>
    <subfield code="7">0</subfield>
    <subfield code="a">JRU</subfield>
    <subfield code="b">MAIN</subfield>
    <subfield code="d">2017-08-16</subfield>
    <subfield code="l">0</subfield>
    <subfield code="p">EAPATL0021</subfield>
    <subfield code="r">2017-08-16 00:00:00</subfield>
    <subfield code="w">2017-08-16</subfield>
    <subfield code="y">CD</subfield>
  </datafield>
  <datafield tag="952" ind1=" " ind2=" ">
    <subfield code="0">0</subfield>
    <subfield code="1">0</subfield>
    <subfield code="4">0</subfield>
    <subfield code="7">0</subfield>
    <subfield code="a">JRU</subfield>
    <subfield code="b">MAIN</subfield>
    <subfield code="d">2017-08-16</subfield>
    <subfield code="l">0</subfield>
    <subfield code="p">EAPATL0022</subfield>
    <subfield code="r">2017-08-16 00:00:00</subfield>
    <subfield code="w">2017-08-16</subfield>
    <subfield code="y">CD</subfield>
  </datafield>
  <datafield tag="952" ind1=" " ind2=" ">
    <subfield code="0">0</subfield>
    <subfield code="1">0</subfield>
    <subfield code="4">0</subfield>
    <subfield code="7">0</subfield>
    <subfield code="a">JRU</subfield>
    <subfield code="b">MAIN</subfield>
    <subfield code="d">2017-08-16</subfield>
    <subfield code="l">0</subfield>
    <subfield code="p">EAPATL0023</subfield>
    <subfield code="r">2017-08-16 00:00:00</subfield>
    <subfield code="w">2017-08-16</subfield>
    <subfield code="y">CD</subfield>
  </datafield>
  <datafield tag="952" ind1=" " ind2=" ">
    <subfield code="0">0</subfield>
    <subfield code="1">0</subfield>
    <subfield code="4">0</subfield>
    <subfield code="7">0</subfield>
    <subfield code="a">JRU</subfield>
    <subfield code="b">MAIN</subfield>
    <subfield code="d">2017-08-16</subfield>
    <subfield code="l">0</subfield>
    <subfield code="p">EAPATL0024</subfield>
    <subfield code="r">2017-08-16 00:00:00</subfield>
    <subfield code="w">2017-08-16</subfield>
    <subfield code="y">CD</subfield>
  </datafield>
  <datafield tag="952" ind1=" " ind2=" ">
    <subfield code="0">0</subfield>
    <subfield code="1">0</subfield>
    <subfield code="4">0</subfield>
    <subfield code="7">0</subfield>
    <subfield code="a">JRU</subfield>
    <subfield code="b">MAIN</subfield>
    <subfield code="d">2017-08-16</subfield>
    <subfield code="l">0</subfield>
    <subfield code="p">EAPATL0025</subfield>
    <subfield code="r">2017-08-16 00:00:00</subfield>
    <subfield code="w">2017-08-16</subfield>
    <subfield code="y">CD</subfield>
  </datafield>
</record>
